[Event "FIDE Grand Swiss 2019"]
[Site "Douglas"]
[Date "12.10.2019"]
[Round "3.49"]
[White "Kovalev, Vladislav"]
[Black "Gavrilescu, David"]
[Result "1-0"]
[WhiteTitle "GM"]
[BlackTitle "IM"]
[WhiteElo "2661"]
[BlackElo "2451"]
[WhiteFideId "13504398"]
[BlackFideId "1227190"]
[EventDate "2019.10.10"]

1. e4 e6 2. d4 d5 3. Nd2 c5 4. Ngf3 cxd4 5. Nxd4 Nc6 6. Bb5 Bd7 7. Nxc6 bxc6 8.
Bd3 Qc7 9. Qe2 Ne7 10. O-O Ng6 11. Nf3 Bd6 12. Re1 Nf4 13. Bxf4 Bxf4 14. g3 Bd6
15. exd5 cxd5 16. Rac1 Rd8 17. c4 dxc4 18. Rxc4 Qb6 19. Ne5 g6 20. Rc3 O-O 21.
Nc4 Qb8 22. Nxd6 Qxd6 23. Qe5 Bc6 24. Qxd6 Rxd6 25. Rec1 Rfd8 26. Rxc6 Rxc6 27.
Rxc6 Rxd3 28. Ra6 Rd7 29. Kg2 Kg7 30. b4 Kf6 31. Kf3 Kf5 32. g4+ Kg5 33. Kg3 Kf6
34. h4 h5 35. g5+ Kf5 36. Ra5+ Ke4 37. f3+ Ke3 38. a3 Rd5 39. Rc5 Rf5 40. Rc3+
Kd4 41. Rc1 Ke3 42. Re1+ Kd3 43. a4 a6 44. Rc1 Ke3 45. Rc3+ Kd4 46. Rc6 Ke3 47.
f4 Rxf4 48. Rc3+ Kd4 49. Kxf4 e5+ 50. Kf3 Kxc3 51. Ke4 Kxb4 52. Kxe5 Kxa4 53.
Kf6 Kb4 54. Kxf7 a5 55. Kxg6 a4 56. Kxh5 a3 57. g6 a2 58. g7 a1=Q 59. g8=Q Qe5+
60. Qg5 Qe8+ 61. Kg4 Qe2+ 62. Kf5 Qc2+ 63. Kf6 Qc6+ 64. Kf7 Qc4+ 65. Kg7 Qc7+
66. Kg6 Qd6+ 67. Qf6 Qg3+ 68. Kf7 Qd3 69. Qf4+ Ka3 70. Kg7 Qd7+ 71. Kg6 Qe8+ 72.
Kg5 Qg8+ 73. Kf5 Qf7+ 74. Kg4 Qg6+ 75. Kf3 Ka2 76. Qa4+ Kb2 77. Qd4+ Ka2 78.
Qd5+ Ka1 79. h5 Qf6+ 80. Kg4 Qg7+ 81. Kf5 Qh7+ 82. Kf4 Qh6+ 83. Ke4 Qh7+ 84. Kf3
Qh6 85. Qd4+ Ka2 86. Qf2+ Ka1 87. Qg1+ Kb2 88. Qf2+ Ka1 89. Qe1+ Ka2 90. Qe2+
Kb1 91. Qe4+ Ka1 92. Qe5+ Ka2 93. Kg4 Qh7 94. Qe6+ Ka1 95. h6 Qb7 96. Qe5+ Ka2
97. Qe6+ Ka3 98. Qe3+ Ka2 99. Qf2+ Ka1 100. Kg5 Qd5+ 101. Qf5 Qg8+ 102. Kh4 Qd8+
103. Kh3 Qb6 104. h7 Qe3+ 105. Kh4 Qe1+ 106. Kh5 Qh1+ 107. Kg6 Qg2+ 108. Kf6
Qc6+ 109. Kg7 Qc7+ 110. Qf7 Qg3+ 111. Qg6 Qc7+ 112. Kh8 Ka2 113. Kg8 Qd8+ 114.
Kg7 Qd4+ 115. Qf6 Qg4+ 116. Kf8 Qc8+ 117. Kf7 Qd7+ 118. Qe7 Qf5+ 119. Kg7 Qg4+
120. Kf8 Qc8+ 121. Kg7 Qg4+ 122. Kh6 Qh3+ 123. Kg5 Qg3+ 124. Kf5 Qf3+ 125. Kg6
Qd3+ 126. Kg7 Qg3+ 127. Kf8 Qb8+ 128. Kf7 Qf4+ 129. Qf6 Qc7+ 130. Kg6 Qg3+ 131.
Qg5 Qd6+ 132. Kf7 Qd7+ 133. Kg8 Qe8+ 134. Kg7 Qd7+ 135. Kh8 Ka3 136. Qe3+ Ka4
137. Qe4+ Kb3 138. Kg8 Qd8+ 139. Kf7 Qd7+ 140. Kf6 Qd8+ 141. Kf5 Qf8+ 142. Kg4
Qg7+ 143. Kf3 Qf6+ 144. Ke2 Qb2+ 145. Ke3 Qc1+ 146. Kf2 Qb2+ 147. Qe2 Qh8 148.
Qd3+ Kb2 149. Ke2 Qg7 150. Qe4 Kc1 151. Qh1+ Kb2 152. Qe4 Kb3 1-0

[Event "FIDE Grand Swiss 2019"]
[Site "Douglas"]
[Date "12.10.2019"]
[Round "3.50"]
[White "Sevian, Samuel"]
[Black "Movsziszian, Karen"]
[Result "1-0"]
[WhiteTitle "GM"]
[BlackTitle "GM"]
[WhiteElo "2654"]
[BlackElo "2475"]
[WhiteFideId "2040506"]
[BlackFideId "13301152"]
[EventDate "2019.10.10"]

1. e4 g6 2. d4 Bg7 3. Nc3 d6 4. f4 a6 5. Nf3 Nd7 6. e5 Nh6 7. Ne4 O-O 8. Bd3 c5
9. c3 cxd4 10. cxd4 dxe5 11. dxe5 Nc5 12. Nxc5 Qa5+ 13. Ke2 Qxc5 14. Be3 Qa5 15.
Qd2 Qxd2+ 16. Bxd2 f6 17. Bc4+ Nf7 18. Bb4 Re8 19. h3 e6 20. Bc3 fxe5 21. fxe5
b5 22. Bb3 Bb7 23. Rhe1 a5 24. a3 Bf8 25. Kf2 b4 26. axb4 Bxb4 27. Bxb4 axb4 28.
Rxa8 Bxa8 29. Nd4 Ng5 30. Ke3 Nf7 31. Nxe6 Bc6 32. Kd4 h6 33. Rc1 Bxg2 34. Nf4 1-0

[Event "FIDE Grand Swiss 2019"]
[Site "Douglas"]
[Date "12.10.2019"]
[Round "3.51"]
[White "Clarke, Brandon G I"]
[Black "Lenderman, Aleksandr"]
[Result "0-1"]
[WhiteTitle "IM"]
[BlackTitle "GM"]
[WhiteElo "2445"]
[BlackElo "2648"]
[WhiteFideId "400319"]
[BlackFideId "2021285"]
[EventDate "2019.10.10"]

1. e4 e6 2. d4 d5 3. Nc3 Nf6 4. e5 Nfd7 5. f4 c5 6. Nf3 Nc6 7. Be3 Be7 8. Qd2
O-O 9. dxc5 Qa5 10. O-O-O b6 11. Bb5 Nb4 12. a3 bxc5 13. Bxd7 Bxd7 14. axb4 cxb4
15. Nb1 Rfc8 16. Nd4 Qa2 17. Qd3 a5 18. Kd2 Qxb2 19. Ke2 a4 20. Nd2 Rc3 21. Rb1
Qa3 22. Ra1 Rxd3 23. cxd3 Qc3 24. Rhc1 Rc8 25. Rxc3 Rxc3 26. Ra2 a3 27. Rc2 Ba4
28. Rxc3 bxc3 29. N2b3 a2 30. Na1 Ba3 31. Ndc2 Bb2 32. Bd4 Bxc2 33. Nxc2 h5 34.
h3 Kf8 35. Bc5+ Ke8 36. d4 Kd7 37. Kd3 a1=Q 38. Nxa1 Bxa1 39. g4 hxg4 40. hxg4
Kc6 41. f5 Kb5 42. Kc2 g6 43. f6 Ka4 44. g5 Bb2 45. Bd6 Ba3 46. Kxc3 Bc1 47. Bf8
Bxg5 48. Bg7 Bf4 49. Bf8 Bg3 50. Bh6 Bh4 51. Bc1 g5 52. Bd2 g4 53. Be3 Bg3 54.
Kd3 Kb3 55. Bg1 Bf4 56. Bf2 Kb2 57. Bg1 Kc1 58. Be3+ Bxe3 59. Kxe3 Kc2 60. Kf4
Kd3 61. Kxg4 Kxd4 62. Kf4 Kc5 63. Kg5 Kc6 64. Kh6 Kd7 65. Kg5 d4 66. Kf4 Kc6 67.
Ke4 Kc5 0-1

[Event "FIDE Grand Swiss 2019"]
[Site "Douglas"]
[Date "12.10.2019"]
[Round "3.53"]
[White "Riazantsev, Alexander"]
[Black "Atalik, Ekaterina"]
[Result "1-0"]
[WhiteTitle "GM"]
[BlackTitle "IM"]
[WhiteElo "2645"]
[BlackElo "2464"]
[WhiteFideId "4125029"]
[BlackFideId "4130189"]
[EventDate "2019.10.10"]

1. d4 Nf6 2. c4 e6 3. Nf3 d5 4. Qc2 dxc4 5. e3 a6 6. Bxc4 b5 7. Be2 Bb7 8. a4 b4
9. O-O Nbd7 10. Nbd2 c5 11. b3 Rc8 12. Nc4 Be7 13. Bb2 O-O 14. Rfd1 Qc7 15. Rac1
Rfd8 16. Qb1 Be4 17. Qa1 Qb7 18. Ne1 Bd5 19. f3 Qa7 20. e4 Bxc4 21. Rxc4 a5 22.
Kh1 Qb8 23. Rdc1 cxd4 24. Bxd4 Rxc4 25. Rxc4 Bd6 26. Nd3 Ne8 27. g3 Bc7 28. Kg2
h5 29. Qc1 Nb6 30. Rxc7 Rxd4 31. Rc5 Qd8 32. Qe3 h4 33. Rxa5 hxg3 34. hxg3 Nc4
35. bxc4 Rxd3 36. Qxd3 Qxa5 37. Bd1 Qe5 38. Qd8 Kf8 39. a5 Qb2+ 40. Kh3 Qa1 41.
c5 b3 42. c6 b2 43. c7 b1=Q 44. c8=Q Qb5 45. Qd6+ Kg8 46. Qe7 Qh5+ 47. Kg2 Kh7
48. Qc2 Qaxa5 49. Qxe8 Qe1 50. e5+ Qg6 51. g4 1-0

[Event "FIDE Grand Swiss 2019"]
[Site "Douglas"]
[Date "12.10.2019"]
[Round "3.58"]
[White "Lu, Shanglei"]
[Black "Inarkiev, Ernesto"]
[Result "1/2-1/2"]
[WhiteTitle "GM"]
[BlackTitle "GM"]
[WhiteElo "2602"]
[BlackElo "2693"]
[WhiteFideId "8603332"]
[BlackFideId "4162722"]
[EventDate "2019.10.10"]

1. e4 e5 2. Nf3 Nc6 3. Bc4 Bc5 4. c3 Nf6 5. d3 O-O 6. O-O d5 7. exd5 Nxd5 8. a4
a6 9. a5 Bf5 10. Re1 Nf6 11. Bg5 e4 12. dxe4 Qxd1 13. Rxd1 Nxe4 14. Bh4 Rfe8 15.
Nbd2 Nxd2 16. Rxd2 Bd6 17. Bd5 Be4 18. Bxe4 Rxe4 19. Bg3 Bxg3 20. hxg3 Rae8 21.
Kf1 f6 22. b4 Rc4 23. Rd3 Ne5 24. Nxe5 Rxe5 25. Re1 Kf7 26. Rxe5 fxe5 27. Rd8
Rxc3 28. Rb8 Ke6 29. Rxb7 Kd5 30. Ra7 Rc6 31. Ke2 Kd4 32. Kd2 1/2-1/2

[Event "FIDE Grand Swiss 2019"]
[Site "Douglas"]
[Date "12.10.2019"]
[Round "3.59"]
[White "Rodshtein, Maxim"]
[Black "Hess, Robert"]
[Result "1-0"]
[WhiteTitle "GM"]
[BlackTitle "GM"]
[WhiteElo "2684"]
[BlackElo "2581"]
[WhiteFideId "2806851"]
[BlackFideId "2022036"]
[EventDate "2019.10.10"]

1. c4 e6 2. Nc3 d5 3. d4 a6 4. cxd5 exd5 5. Nf3 h6 6. Bf4 Nf6 7. e3 Bd6 8. Bxd6
Qxd6 9. Bd3 O-O 10. O-O Nbd7 11. Rc1 c5 12. dxc5 Nxc5 13. h3 Qb6 14. Bb1 Be6 15.
Qd4 Rfc8 16. Ne2 a5 17. Nf4 Qb4 18. a3 Qb5 19. Rc2 b6 20. Qd1 Qa6 21. Nd4 Bd7
22. Rc1 Ba4 23. Qf3 Nb3 24. Rcd1 Nc5 25. b3 Bxb3 26. Nxb3 Nxb3 27. e4 Qc4 28.
exd5 Nd4 29. Qe3 Nc2 30. Bxc2 Qxc2 31. Qxb6 Qa4 32. Qe3 Rc4 33. g3 Re8 34. Qf3
Rce4 35. Rd3 Nd7 36. Qd1 Qc4 37. Qb3 Qa6 38. Rc3 a4 39. Qc2 Qd6 40. Rd1 Nf6 41.
Rcd3 R8e5 42. Rc3 g5 43. Rc6 Qxa3 44. Rxf6 gxf4 45. Rxf4 Rxf4 46. gxf4 Re8 47.
Qc6 Rd8 48. Kh2 Qb2 49. Rg1+ Kh7 50. Qc7 Rd7 51. Qc4 Rd6 52. Qxa4 Qxf2+ 53. Rg2
Qe3 54. Qc2+ Rg6 55. Qf5 Qe7 56. d6 Qb7 57. Qc2 Qf3 58. Rxg6 fxg6 59. Qd2 Qa8
60. d7 Qd8 61. Qd6 Kg7 62. Kg3 Kf7 63. Kf2 Qh4+ 64. Kg2 Qd8 65. Kf1 Kg7 66. Ke2
Kf7 67. Kd3 Kg7 68. Kd4 Kf7 69. h4 Qh8+ 70. Kc4 Qd8 71. Kb5 Kg7 72. Kc6 Qa8+ 73.
Kb6 Qd8+ 74. Qc7 Qf6+ 75. Kb7 Qb2+ 76. Kc8 1-0

[Event "FIDE Grand Swiss 2019"]
[Site "Douglas"]
[Date "12.10.2019"]
[Round "3.60"]
[White "Henderson de La Fuente, Lance"]
[Black "Nabaty, Tamir"]
[Result "1/2-1/2"]
[WhiteTitle "IM"]
[BlackTitle "GM"]
[WhiteElo "2494"]
[BlackElo "2658"]
[WhiteFideId "32096585"]
[BlackFideId "2809052"]
[EventDate "2019.10.10"]

1. e4 e5 2. Nf3 Nc6 3. Bb5 a6 4. Ba4 Bc5 5. c3 Nge7 6. O-O Ng6 7. d4 Ba7 8. Bg5
f6 9. Be3 O-O 10. Nbd2 d6 11. Re1 Kh8 12. h3 exd4 13. cxd4 d5 14. Bxc6 bxc6 15.
Rc1 dxe4 16. Nxe4 Be6 17. Nc3 Qd6 18. Qa4 Bb6 19. Nd2 f5 20. Nf3 f4 21. Bd2 a5
22. a3 Rae8 23. Ne4 Qd7 24. Bxa5 Bxh3 25. gxh3 Qxh3 26. Neg5 Qg4+ 27. Kf1 Ra8
28. Qxc6 Rxa5 29. d5 Qf5 30. d6 Qd3+ 31. Re2 Rxg5 32. dxc7 Rd5 33. Rc3 Qb1+ 34.
Ne1 f3 35. Rxf3 Rdf5 36. c8=Q Rxf3 37. Qc2 Qa1 38. Q8c6 Rxf2+ 39. Rxf2 Bxf2 40.
Qxf2 Rxf2+ 41. Kxf2 Qxb2+ 42. Nc2 Qb8 43. a4 Qf4+ 44. Ke2 Qg4+ 45. Kd2 h5 46. a5
Qg5+ 47. Kd1 Ne7 48. Qa8+ Kh7 49. a6 Nd5 50. Qc6 Qg1+ 51. Kd2 Qg2+ 52. Kc1 h4
53. a7 Qg1+ 54. Kd2 Qf2+ 55. Kc1 Qg1+ 56. Kd2 Qg2+ 57. Kc1 h3 58. a8=Q h2 59.
Kb2 h1=Q 60. Qce8 Nc7 61. Qh8+ Kg6 62. Qxh1 Qxa8 63. Qxa8 Nxa8 64. Kc3 Kf5 1/2-1/2

[Event "FIDE Grand Swiss 2019"]
[Site "Douglas"]
[Date "12.10.2019"]
[Round "3.61"]
[White "Movsesian, Sergei"]
[Black "Puranik, Abhimanyu"]
[Result "0-1"]
[WhiteTitle "GM"]
[BlackTitle "GM"]
[WhiteElo "2654"]
[BlackElo "2571"]
[WhiteFideId "310204"]
[BlackFideId "5061245"]
[EventDate "2019.10.10"]

1. e4 e5 2. Nf3 Nc6 3. d4 exd4 4. Nxd4 Nf6 5. Nxc6 bxc6 6. e5 Qe7 7. Qe2 Nd5 8.
Nd2 Qe6 9. c4 Nf4 10. Qe3 Ng6 11. f4 d5 12. Bd3 Nh4 13. O-O Qg4 14. Rf2 Nf5 15.
Bxf5 Bxf5 16. b3 Qd1+ 17. Nf1 Qd3 18. Qe1 dxc4 19. Be3 cxb3 20. axb3 Be7 21. Ng3
g6 22. b4 Qd7 23. Qc3 O-O 24. Rd2 Qe6 25. Ne2 Rab8 26. Rb2 Qd5 27. Bxa7 Ra8 28.
Nd4 Be4 29. Rd2 Rfd8 30. Ra5 Qd7 31. e6 Qe8 32. Re2 f5 33. Bc5 Bxc5 34. Qxc5 Rd5
35. Qc3 Raxa5 36. bxa5 c5 37. Nf3 Qxe6 38. Ng5 Qd6 39. Nxe4 Rd1+ 40. Kf2 Qxf4+
41. Qf3 Qxf3+ 42. gxf3 fxe4 43. Ra2 exf3 44. a6 Rd8 45. Kxf3 Kf7 46. Ra5 Ke6 47.
a7 Ra8 48. Ke4 Kd6 49. Ra6+ c6 50. Ra3 Kc7 51. Kd3 Kb6 52. Rb3+ Kc7 53. Ra3 Kb6
54. Rb3+ Kxa7 55. Kc4 Rb8 56. Rh3 h5 57. Kxc5 Rb6 58. Rg3 g5 59. Kd6 g4 60. h3
Kb7 61. hxg4 hxg4 62. Rxg4 Rb5 63. Rg1 Kb6 64. Rc1 Rd5+ 65. Ke6 Rd4 66. Rb1+ Ka5
67. Rc1 Kb5 68. Rb1+ Rb4 69. Rd1 c5 70. Kd5 Rb3 71. Rd2 c4 72. Ke4 Kb4 73. Rd1
Rb2 74. Ke3 c3 75. Rd8 Kb3 76. Rb8+ Kc2 77. Rh8 Rb7 0-1

[Event "FIDE Grand Swiss 2019"]
[Site "Douglas"]
[Date "12.10.2019"]
[Round "3.64"]
[White "Bachmann, Axel"]
[Black "Lei, Tingjie"]
[Result "1/2-1/2"]
[WhiteTitle "GM"]
[BlackTitle "GM"]
[WhiteElo "2629"]
[BlackElo "2469"]
[WhiteFideId "3700488"]
[BlackFideId "8605114"]
[EventDate "2019.10.10"]

1. Nf3 d5 2. e3 Nf6 3. c4 e6 4. b3 b6 5. Bb2 Bd6 6. Nc3 a6 7. cxd5 exd5 8. d4
Nbd7 9. g3 O-O 10. Bg2 Re8 11. O-O Bb7 12. Rc1 Rc8 13. Ne2 c5 14. dxc5 bxc5 15.
Rc2 a5 16. Nf4 a4 17. Nh4 axb3 18. axb3 Bxf4 19. gxf4 Qb6 20. Nf5 Rb8 21. b4
Qxb4 22. Nd6 Re6 23. Nxb7 Qxb7 24. Bxf6 Nxf6 25. Rxc5 Qb4 26. Qc2 Rd6 27. Rd1 h6
28. Bxd5 Rbd8 29. Rb1 Qa3 30. Bf3 Qa6 31. Rc7 Nd5 32. Rcb7 Nf6 33. Be2 Qc6 34.
Qxc6 Rxc6 35. R1b4 Rc2 36. Rb8 Rd2 37. Bf3 g6 38. R8b7 Kg7 39. h4 h5 40. Rc4
R8d7 41. Rxd7 Nxd7 42. Rc7 Nf6 43. Rc5 Nd7 44. Rg5 Kf6 45. f5 gxf5 46. Bxh5 Ne5
47. Rg2 Ng6 48. Rh2 f4 49. e4 Ne5 50. Kg2 Rd4 51. Bf3 Rd3 52. Rh3 Kg6 53. Bg4
Rxh3 54. Kxh3 Kh6 55. Bd1 Kg6 56. Kg2 Kh6 57. Kg1 Ng6 1/2-1/2

[Event "FIDE Grand Swiss 2019"]
[Site "Douglas"]
[Date "12.10.2019"]
[Round "3.70"]
[White "Kolbus, Dietmar"]
[Black "Jones, Gawain C B"]
[Result "0-1"]
[WhiteTitle "IM"]
[BlackTitle "GM"]
[WhiteElo "2300"]
[BlackElo "2688"]
[WhiteFideId "4610628"]
[BlackFideId "409561"]
[EventDate "2019.10.10"]

1. c4 g6 2. e4 e5 3. Nf3 Bg7 4. d4 exd4 5. Nxd4 Nf6 6. Nc3 O-O 7. Be3 c6 8. Be2
Re8 9. Bf3 d6 10. O-O Nbd7 11. Re1 Ne5 12. b3 Nxf3+ 13. Qxf3 c5 14. Nc2 Bg4 15.
Qf4 Nh5 16. Qxg4 Bxc3 17. Bg5 Qa5 18. Qf3 Re6 19. Qd3 Rae8 20. f3 Ng7 21. Red1
Bxa1 22. Rxa1 f5 23. exf5 Nxf5 24. Bd2 Qc7 25. Rd1 Qf7 26. Rf1 Re2 27. Rf2 Qe6
28. Kf1 Nd4 29. Rxe2 Qxe2+ 30. Qxe2 Rxe2 31. Nxd4 Rxd2 32. Nb5 Rxa2 33. Nxd6 b6
34. h4 Rb2 35. Nc8 a5 36. Nxb6 Rxb3 37. Na4 Rb4 38. Nxc5 a4 39. Nxa4 Rxa4 0-1

[Event "FIDE Grand Swiss 2019"]
[Site "Douglas"]
[Date "12.10.2019"]
[Round "3.76"]
[White "Kashlinskaya, Alina"]
[Black "Wu, Li"]
[Result "1-0"]
[WhiteTitle "IM"]
[WhiteElo "2481"]
[BlackElo "2332"]
[WhiteFideId "4198026"]
[BlackFideId "411086"]
[EventDate "2019.10.10"]

1. d4 d5 2. c4 e6 3. Nc3 c5 4. cxd5 exd5 5. Nf3 Nc6 6. dxc5 d4 7. Na4 Bxc5 8.
Nxc5 Qa5+ 9. Bd2 Qxc5 10. Rc1 Qb6 11. e3 Nf6 12. Bc4 O-O 13. O-O Bg4 14. exd4
Nxd4 15. Be3 Bxf3 16. Qxd4 Qxd4 17. Bxd4 Bd5 18. Bxf6 Bxc4 19. Rxc4 gxf6 20. Rc7
Rfc8 21. Rfc1 Rxc7 22. Rxc7 Rd8 23. g3 Rd1+ 24. Kg2 Ra1 25. a3 b5 26. Rxa7 b4
27. Ra4 bxa3 28. Rxa3 Rb1 29. Rb3 Kg7 30. Kf3 Kg6 31. Rb5 Rh1 32. h4 Rc1 33. Rb4
f5 34. Rf4 Re1 35. b4 f6 36. Rc4 h6 37. b5 Rb1 38. Rc5 Re1 39. Rd5 Re4 40. Rc5
Re1 41. h5+ Kxh5 42. Rxf5+ Kg6 43. g4 Kf7 44. Kg3 Rg1+ 45. Kf3 Re1 46. Kg2 Re2
47. Kf1 Rb2 48. Ke1 Kg6 49. f3 Ra2 50. Kd1 Rf2 51. Kc1 h5 52. b6 hxg4 53. fxg4
Rg2 54. Rb5 1-0

[Event "FIDE Grand Swiss 2019"]
[Site "Douglas"]
[Date "13.10.2019"]
[Round "4.5"]
[White "Sargissian, Gabriel"]
[Black "Fedoseev, Vladimir3"]
[Result "1/2-1/2"]
[WhiteTitle "GM"]
[BlackTitle "GM"]
[WhiteElo "2690"]
[BlackElo "2664"]
[WhiteFideId "13300881"]
[BlackFideId "24130737"]
[EventDate "2019.10.10"]

1. d4 Nf6 2. c4 e6 3. Nc3 d5 4. Bg5 Be7 5. Nf3 Nbd7 6. e3 c6 7. Qc2 a6 8. cxd5
exd5 9. Bd3 Nf8 10. h3 Ne6 11. Bh4 g6 12. O-O-O O-O 13. g4 c5 14. dxc5 Nxc5 15.
Nd4 Bd7 16. Kb1 Rc8 17. Qd2 Nfe4 18. Bxe4 dxe4 19. Bg3 Re8 20. Nb3 Bc6 21. Nxc5
Bxc5 22. Nd5 Ba4 23. Qc3 Be7 24. Bc7 Bxd1 25. Bxd8 Rxc3 26. Bxe7 Bc2+ 27. Kc1
Rc6 28. Nf6+ Rxf6 29. Bxf6 Rc8 30. Kd2 Bd3 1/2-1/2

[Event "FIDE Grand Swiss 2019"]
[Site "Douglas"]
[Date "13.10.2019"]
[Round "4.6"]
[White "McShane, Luke J"]
[Black "Adhiban, Baskaran"]
[Result "1-0"]
[WhiteTitle "GM"]
[BlackTitle "GM"]
[WhiteElo "2682"]
[BlackElo "2639"]
[WhiteFideId "404853"]
[BlackFideId "5018471"]
[EventDate "2019.10.10"]

1. e4 c5 2. Nf3 d6 3. Bb5+ Bd7 4. Bxd7+ Nxd7 5. O-O Ngf6 6. Qe2 e6 7. d4 cxd4 8.
Nxd4 a6 9. c4 Rc8 10. b3 g6 11. Bb2 Bg7 12. Nc3 O-O 13. Rad1 Qc7 14. Kh1 Rfd8
15. f4 Qb8 16. Nf3 Nh5 17. f5 Re8 18. fxe6 fxe6 19. e5 Nxe5 20. Nxe5 Bxe5 21.
Ne4 Bxb2 22. Qxb2 d5 23. g4 dxe4 24. gxh5 e5 25. hxg6 hxg6 26. Qg2 Rc6 27. Rd7
Rd6 28. Rdf7 Qc8 29. R7f6 Rxf6 30. Rxf6 Re7 31. Rxg6+ Kh8 32. Qg5 Qf8 33. Qh5+
Rh7 34. Qxe5+ Rg7 35. Qxg7+ Qxg7 36. Rxg7 Kxg7 37. Kg2 1-0

[Event "FIDE Grand Swiss 2019"]
[Site "Douglas"]
[Date "13.10.2019"]
[Round "4.12"]
[White "Wojtaszek, Radoslaw"]
[Black "Melkumyan, Hrant"]
[Result "1-0"]
[WhiteTitle "GM"]
[BlackTitle "GM"]
[WhiteElo "2748"]
[BlackElo "2650"]
[WhiteFideId "1118358"]
[BlackFideId "13302485"]
[EventDate "2019.10.10"]

1. d4 Nf6 2. c4 e6 3. g3 d5 4. Bg2 dxc4 5. Nf3 Nc6 6. Qa4 Bb4+ 7. Bd2 Nd5 8.
Bxb4 Nxb4 9. O-O O-O 10. a3 Nd5 11. Qxc4 Qe7 12. Nbd2 a5 13. Rac1 Rd8 14. Rfd1
Bd7 15. Nb3 Be8 16. e4 Nf6 17. d5 b5 18. Qc2 exd5 19. exd5 Nxd5 20. Nh4 Qe5 21.
Re1 Qg5 22. Nf5 a4 23. Nc5 g6 24. Nb7 Rdb8 25. Bxd5 Qxf5 26. Qxf5 gxf5 27. Nc5
Rb6 28. Nd3 Bd7 29. Nb4 Nxb4 30. Bxa8 Nd3 31. Rxc7 Nxe1 32. Rxd7 b4 33. Bd5 bxa3
34. bxa3 Rf6 35. Ra7 Nc2 36. Rxa4 Rd6 37. Bb3 Nd4 38. Bc4 Kg7 39. Kg2 f4 40.
gxf4 Rg6+ 41. Kf1 Rh6 42. Ra7 Rf6 43. Rd7 Ne6 44. f5 Nc5 45. Rd5 Rc6 46. Bb5 Rc8
47. a4 Ne4 48. Rd4 Nc3 49. Bd3 Ra8 50. Bc2 Kf6 51. Ke1 Ke5 52. Rh4 Nd5 53. Re4+
Kf6 54. Kd2 Rd8 55. Bd3 Ne7 56. Kc2 Rg8 57. a5 Rg2 58. a6 Rxf2+ 59. Re2 Rf4 60.
Be4 Nc8 61. Kd3 Rh4 62. Rc2 Rh3+ 63. Kd4 Na7 64. Bd3 Rh4+ 65. Kc5 Rh3 66. Bc4
Re3 67. Kb6 Nc8+ 68. Kc7 Na7 69. Kb8 Nc6+ 70. Kb7 Nb4 71. Rf2 Nxa6 72. Kxa6 h5
73. Kb6 h4 74. Kc6 Re4 75. Bd3 Re3 76. Bc2 Re5 77. Kd6 h3 78. Bd3 Re3 79. Rd2
Re5 80. Bc2 Ra5 81. Be4 Re5 82. Re2 Ra5 83. Bd3 Kg5 84. Re3 Kg4 85. Ke7 Ra2 86.
f6 Rxh2 87. Bf1 1-0

[Event "FIDE Grand Swiss 2019"]
[Site "Douglas"]
[Date "13.10.2019"]
[Round "4.19"]
[White "Howell, David W L"]
[Black "Akopian, Vladimir"]
[Result "1/2-1/2"]
[WhiteTitle "GM"]
[BlackTitle "GM"]
[WhiteElo "2694"]
[BlackElo "2638"]
[WhiteFideId "410608"]
[BlackFideId "13300032"]
[EventDate "2019.10.10"]

1. d4 d5 2. c4 c6 3. Nc3 Nf6 4. cxd5 cxd5 5. Bf4 Nc6 6. e3 a6 7. Bd3 Bg4 8. f3
Bh5 9. Nge2 e6 10. O-O Be7 11. Rc1 Bg6 12. Na4 Nh5 13. Nc5 Bxc5 14. Rxc5 O-O 15.
Bxg6 hxg6 16. Qd2 g5 17. Bg3 Nxg3 18. Nxg3 Qd6 19. Rc3 Rac8 20. Rfc1 Ne7 21. Nh1
Rxc3 22. Rxc3 Rc8 23. Nf2 Rxc3 24. Qxc3 Qc6 25. Qxc6 Nxc6 26. Nd3 b6 27. Kf2 f6
28. Kg3 Kf7 29. f4 gxf4+ 30. Kxf4 g5+ 31. Kf3 Kg6 32. g3 Kh5 33. h3 a5 34. a4
Ne7 35. e4 dxe4+ 36. Kxe4 Kg6 37. Ne1 Nf5 38. g4 Nd6+ 39. Kd3 Kf7 40. Ng2 Ke7
41. Ne3 Kd7 42. d5 e5 43. b3 Nb7 44. Kc4 Nd6+ 45. Kd3 Nb7 46. Kc3 Nd6 47. Kd3 1/2-1/2

[Event "FIDE Grand Swiss 2019"]
[Site "Douglas"]
[Date "13.10.2019"]
[Round "4.20"]
[White "Gelfand, Boris"]
[Black "Adly, Ahmed"]
[Result "1-0"]
[WhiteTitle "GM"]
[BlackTitle "GM"]
[WhiteElo "2686"]
[BlackElo "2636"]
[WhiteFideId "2805677"]
[BlackFideId "10601619"]
[EventDate "2019.10.10"]

1. d4 Nf6 2. c4 e6 3. Nf3 d5 4. g3 Be7 5. Bg2 dxc4 6. Qa4+ Bd7 7. Qxc4 Bc6 8.
O-O O-O 9. Nc3 a6 10. Qd3 Nbd7 11. a3 Nd5 12. Nxd5 Bxd5 13. Rd1 Nf6 14. Bg5 Be4
15. Qe3 Bd5 16. Rac1 a5 17. Qd3 Be4 18. Qe3 Bd5 19. Qd3 Be4 20. Qc4 c6 21. Ne5
Bxg2 22. Kxg2 a4 23. Nd3 h6 24. Bxf6 Bxf6 25. Nc5 Ra7 26. Qc2 Qa5 27. Qe4 Rfa8
28. Rc4 Qd8 29. Qc2 Qd5+ 30. f3 b5 31. Rc3 Be7 32. e3 b4 33. axb4 a3 34. e4 Qa2
35. bxa3 Rxa3 36. Rd2 Qxc2 37. Rcxc2 Rb8 38. Rc4 Ra1 39. Nd3 Rb6 40. Rdc2 Rd1
41. Ne5 Bxb4 42. Rxc6 Rb7 43. Rc8+ Kh7 44. Nc6 Ba3 45. Ra8 Bb2 46. Nd8 Rb3 47.
Nxf7 Bxd4 48. f4 Rg1+ 49. Kh3 Rf1 50. Kg4 Kg6 51. Nh8+ Kh7 52. Rc6 h5+ 53. Kxh5
Rh1 54. Nf7 Rxh2+ 55. Kg4 Bf6 56. Rh8+ Kg6 57. Ne5+ Bxe5 58. Rxh2 1-0

[Event "FIDE Grand Swiss 2019"]
[Site "Douglas"]
[Date "13.10.2019"]
[Round "4.22"]
[White "Hovhannisyan, Robert"]
[Black "Korobov, Anton"]
[Result "1/2-1/2"]
[WhiteTitle "GM"]
[BlackTitle "GM"]
[WhiteElo "2639"]
[BlackElo "2679"]
[WhiteFideId "13302507"]
[BlackFideId "14105730"]
[EventDate "2019.10.10"]

1. e4 c5 2. Nf3 d6 3. d4 cxd4 4. Nxd4 Nf6 5. Nc3 a6 6. Be2 e5 7. Nb3 Be7 8. Be3
O-O 9. g4 Be6 10. g5 Nfd7 11. h4 b5 12. Bg4 Re8 13. g6 Nf6 14. gxh7+ Kh8 15.
Bxe6 fxe6 16. Qf3 b4 17. Na4 Nbd7 18. h5 Qc7 19. Qg2 Qxc2 20. h6 Bf8 21. Rc1
Qxe4 22. Qxe4 Nxe4 23. Rc4 d5 24. hxg7+ Bxg7 25. Rxb4 Rab8 26. Rxb8 Rxb8 27. f3
Ng3 28. Rh2 e4 29. fxe4 Nxe4 30. Rc2 Rb4 31. Rc7 Rxa4 32. Rxd7 Bxb2 33. Re7 d4
34. Bg1 Ng5 35. Bf2 e5 36. Kd1 Ne4 37. Be1 d3 38. Rd7 Rxa2 39. Rxd3 Kxh7 40.
Rh3+ Kg6 41. Rh2 Kf5 42. Nc1 Bxc1 43. Rxa2 Bf4 44. Rxa6 Ng3 45. Bxg3 1/2-1/2

[Event "FIDE Grand Swiss 2019"]
[Site "Douglas"]
[Date "13.10.2019"]
[Round "4.23"]
[White "Kuzubov, Yuriy"]
[Black "Sasikiran, Krishnan"]
[Result "1/2-1/2"]
[WhiteTitle "GM"]
[BlackTitle "GM"]
[WhiteElo "2636"]
[BlackElo "2675"]
[WhiteFideId "14112906"]
[BlackFideId "5004985"]
[EventDate "2019.10.10"]

1. d4 d5 2. c4 c6 3. e3 Nf6 4. Nc3 Bf5 5. Nf3 e6 6. Nh4 Bg6 7. Qb3 Qc7 8. Nxg6
hxg6 9. g3 Be7 10. Bg2 Nbd7 11. O-O O-O 12. cxd5 cxd5 13. Bd2 Nb6 14. Rfd1 Rfc8
15. Be1 Qd7 16. Rac1 Nc4 17. e4 Na5 18. Qb5 Qxb5 19. Nxb5 Nc4 20. exd5 Nxd5 21.
Rc2 Ncb6 22. Nc3 Bf6 23. Re2 Rc6 24. h4 Rd8 25. a4 Nxc3 26. bxc3 Nd5 27. Bxd5
Rxd5 28. Rb1 Rd7 29. f4 Bd8 30. Reb2 b6 31. Kf2 f6 32. Kf3 Bc7 33. Rd1 Kf7 34.
Ke3 Bd6 35. Rb5 Bc7 1/2-1/2

[Event "FIDE Grand Swiss 2019"]
[Site "Douglas"]
[Date "13.10.2019"]
[Round "4.24"]
[White "Mareco, Sandro"]
[Black "Anton Guijarro, David"]
[Result "0-1"]
[WhiteTitle "GM"]
[BlackTitle "GM"]
[WhiteElo "2634"]
[BlackElo "2674"]
[WhiteFideId "112275"]
[BlackFideId "2285525"]
[EventDate "2019.10.10"]

1. c4 e5 2. Nc3 Nc6 3. g3 g6 4. Bg2 Bg7 5. d3 d6 6. Nf3 f5 7. Rb1 a5 8. O-O Nf6
9. a3 O-O 10. b4 axb4 11. axb4 Qe8 12. b5 Nd8 13. Bb2 Ne6 14. Ra1 Rb8 15. b6 c6
16. Nd2 Nd7 17. Ba3 Qe7 18. Qb3 Nec5 19. Qb4 g5 20. Nb3 Nxb3 21. Qxb3 Nc5 22.
Bxc5 dxc5 23. Ra7 e4 24. Na4 e3 25. f4 gxf4 26. Bxc6 fxg3 27. Bd5+ Kh8 28. hxg3
f4 29. Nc3 fxg3 30. Rxf8+ Bxf8 0-1